[Event "Muensterland Regionalliga 1516"]
[Site "Germany"]
[Date "2016.05.07"]
[Round "9.8"]
[White "Bickmann, Bernd"]
[Black "Lysyy, Volodymyr"]
[Result "1-0"]
[WhiteElo "1708"]
[BlackElo "1664"]
[PlyCount "112"]
[EventDate "2015.09.05"]
[EventType "team"]
[EventRounds "9"]
[EventCountry "GER"]
[SourceTitle "EXT 2017"]
[Source "ChessBase"]
[SourceDate "2016.10.25"]
[SourceVersion "1"]
[SourceVersionDate "2016.10.25"]
[SourceQuality "1"]
[WhiteTeam "Duelmen"]
[BlackTeam "Muenster SK II"]
[WhiteTeamCountry "GER"]
[BlackTeamCountry "GER"]

1. d4 d5 2. Nf3 Nf6 3. e3 g6 4. c4 c6 5. Be2 Bg7 6. 0-0 0-0 7. Nbd2 Nbd7 8. Rb1 dxc4 9. Nxc4 Nb6 10. Nce5 Nfd7 11. Nxd7 Bxd7 12. b3 Bf5 13. Bd3 Bxd3 14. Qxd3 c5 15. Rd1 cxd4 16. exd4 Nd5 17. a3 b5 18. Ne5 a6 19. g3 Qd6 20. Bb2 Rad8 21. Rbc1 Rc8 22. Qf3 f6 23. Ng4 h5 24. Ne3 e6 25. b4 f5 26. Rc5 Ne7 27. Qb7 f4 28. Ng2 fxg3 29. hxg3 e5 30. Ne3 Qf6 31. Rd2 Qd6 32. Rxc8 Rxc8 33. Nd5 Qxd5 34. Qxe7 Rd8 35. Qg5 Kh7 36. Bc3 exd4 37. Qe7 Qd7 38. Qh4 d3 39. Bxg7 Kxg7 40. Qe4 Kh7 41. Qf3 Qd6 42. Qe4 Rd7 43. Qe3 Qd5 44. Kh2 Qd6 45. Qe4 Kg8 46. Kg1 Kg7 47. Qf3 Qd5 48. Qe3 Qb3 49. Qe8 Rf7 50. Qe5+ Kh7 51. Qe8 Kg7 52. Qe5+ Kh7 53. Qe4 Qxa3 54. Rxd3 Qa1+ 55. Kg2 a5 56. Rd5 Qa4 1-0

[Event "Unna op"]
[Site "Unna"]
[Date "2012.12.29"]
[Round "6"]
[White "Meyer, Ulrich"]
[Black "Bickmann, Bernd"]
[Result "1/2-1/2"]
[WhiteElo "2064"]
[BlackElo "1907"]
[PlyCount "94"]
[EventDate "2012.12.27"]
[EventType "swiss"]
[EventRounds "7"]
[EventCountry "GER"]
[SourceTitle "CBM 152 Extra"]
[Source "ChessBase"]
[SourceDate "2013.02.25"]
[SourceVersion "1"]
[SourceVersionDate "2013.02.25"]
[SourceQuality "1"]

1. e4 c5 2. Nc3 e6 3. Nge2 Nc6 4. g3 Nf6 5. Bg2 a6 6. d3 Be7 7. h3 Qc7 8. Be3 0-0 9. 0-0 d6 10. Qd2 Rb8 11. f4 b5 12. g4 Bb7 13. Ng3 Rbd8 14. Nce2 d5 15. e5 Ne8 16. g5 g6 17. h4 Ng7 18. Bf3 d4 19. Bf2 Nb8 20. Bxb7 Qxb7 21. Ne4 Nh5 22. N2g3 Nxg3 23. Bxg3 c4 24. Qh2 cxd3 25. cxd3 Rc8 26. h5 Rc6 27. Rf2 Nd7 28. hxg6 fxg6 29. Qg2 Nb6 30. Nf6+ Bxf6 31. exf6 Nd5 32. Qe4 Qb6 33. Re2 Ne3 34. Bf2 Nf5 35. Rae1 Rfc8 36. Qe5 Kf7 37. Kg2 Rc2 38. Kg1 Rxe2 39. Qxe2 Qd6 40. Qd2 h6 41. Re4 hxg5 42. fxg5 Rh8 43. Qf4 Qc6 44. Bg3 Rh3 45. Bf2 Rxd3 46. Re1 Rh3 47. Qe4 Qxe4 1/2-1/2

[Event "Unna op"]
[Site "Unna"]
[Date "2012.12.27"]
[Round "2"]
[White "Huckebrink, Chris"]
[Black "Bickmann, Bernd"]
[Result "1-0"]
[WhiteElo "1992"]
[BlackElo "1907"]
[PlyCount "75"]
[EventDate "2012.12.27"]
[EventType "swiss"]
[EventRounds "7"]
[EventCountry "GER"]
[SourceTitle "CBM 152 Extra"]
[Source "ChessBase"]
[SourceDate "2013.02.25"]
[SourceVersion "1"]
[SourceVersionDate "2013.02.25"]
[SourceQuality "1"]

1. e4 c5 2. Nf3 Nc6 3. d4 cxd4 4. Nxd4 a6 5. Nc3 e6 6. a3 Nf6 7. Be3 Be7 8. Bd3 d6 9. 0-0 0-0 10. Qe2 Re8 11. f4 e5 12. Nxc6 bxc6 13. fxe5 dxe5 14. Na4 Ng4 15. Bb6 Qd6 16. h3 Nh6 17. Bc5 Qg6 18. Bxe7 Rxe7 19. Nb6 Rb8 20. Nxc8 Rxc8 21. Bxa6 Rb8 22. Qd3 Rf8 23. Rad1 Ree8 24. Bc4 Kh8 25. Qf3 f5 26. Kh2 f4 27. Rd7 Nf7 28. Bxf7 Rxf7 29. Rfd1 h5 30. Rxf7 Qxf7 31. Rd6 c5 32. g3 g6 33. gxf4 exf4 34. Qc3+ Kh7 35. Rf6 Qc7 36. Qf3 Qe5 37. Qxf4 Qxf4+ 38. Rxf4 1-0

[Event "Unna op"]
[Site "Unna"]
[Date "2010.12.29"]
[Round "6.10"]
[White "Weber, Rolf"]
[Black "Bickmann, Bernd"]
[Result "1-0"]
[WhiteElo "2019"]
[BlackElo "1912"]
[PlyCount "106"]
[EventDate "2010.12.27"]
[EventType "swiss"]
[EventRounds "7"]
[EventCountry "GER"]
[SourceTitle "CBM 140 Extra"]
[Source "ChessBase"]
[SourceDate "2011.03.01"]
[SourceVersion "1"]
[SourceVersionDate "2011.03.01"]
[SourceQuality "1"]

1. e4 c5 2. c3 g6 3. d4 cxd4 4. cxd4 Bg7 5. Be3 Nf6 6. f3 0-0 7. Bd3 d6 8. Ne2 Nc6 9. Nd2 a6 10. Rc1 Bd7 11. Qb3 b5 12. 0-0 e6 13. Bf2 Re8 14. Rfd1 Kh8 15. Nf1 d5 16. a3 Qb6 17. e5 Ng8 18. g4 Na5 19. Qa2 Rac8 20. b3 Qb8 21. f4 Rxc1 22. Rxc1 Rc8 23. Rb1 Qb6 24. Qd2 Qd8 25. Be1 Nc6 26. b4 f6 27. Qe3 fxe5 28. fxe5 Bh6 29. Qh3 Nce7 30. Nd2 g5 31. Nb3 Be8 32. Nc5 Rc6 33. Bd2 Bg6 34. Rf1 Bxd3 35. Qxd3 Qe8 36. Be3 Ng6 37. Ng3 Nf4 38. Bxf4 gxf4 39. Nh5 Qg6 40. Qxg6 hxg6 41. Nxf4 Ne7 42. Nfxe6 Be3+ 43. Kg2 Rc8 44. Rf3 Bc1 45. Nd7 Nc6 46. Rh3+ Kg8 47. Nf6+ Kf7 48. Nc5 g5 49. Nxd5 Nxd4 50. Rd3 Ne2 51. e6+ Ke8 52. Kf3 Ng1+ 53. Kf2 Nh3+ 1-0

[Event "Unna op"]
[Site "Unna"]
[Date "2010.12.28"]
[Round "4.9"]
[White "Maniocha, Marek"]
[Black "Bickmann, Bernd"]
[Result "1-0"]
[WhiteElo "2052"]
[BlackElo "1912"]
[PlyCount "57"]
[EventDate "2010.12.27"]
[EventType "swiss"]
[EventRounds "7"]
[EventCountry "GER"]
[SourceTitle "CBM 140 Extra"]
[Source "ChessBase"]
[SourceDate "2011.03.01"]
[SourceVersion "1"]
[SourceVersionDate "2011.03.01"]
[SourceQuality "1"]

1. d4 d5 2. c4 e6 3. Nc3 dxc4 4. e3 a6 5. a4 Bb4 6. Bxc4 Nf6 7. Nf3 0-0 8. 0-0 c5 9. Qe2 cxd4 10. Rd1 Qc7 11. exd4 Re8 12. Bg5 Nbd7 13. Rab1 Qa5 14. Bb3 h6 15. Bh4 Qh5 16. Ne4 Nd5 17. Ng3 Nf4 18. Qe4 Qg4 19. h3 f5 20. Qe3 Nxh3+ 21. gxh3 Qxh3 22. Bxe6+ Kh8 23. Nxf5 Nf8 24. Nxg7 Rxe6 25. Nxe6 Qxe6 26. Ne5 Bd7 27. Bg3 Kg7 28. d5 Qf6 29. Nc4 1-0

[Event "Muensterland Verbandsklasse-B 0506"]
[Site "Germany"]
[Date "2005.11.05"]
[Round "2.8"]
[White "Heider, Ralf"]
[Black "Bickmann, Bernd"]
[Result "1-0"]
[WhiteElo "1667"]
[BlackElo "1935"]
[PlyCount "119"]
[EventDate "2005.09.03"]
[EventType "team"]
[EventRounds "9"]
[EventCountry "GER"]
[SourceTitle "EXT 2006"]
[Source "ChessBase"]
[SourceDate "2005.11.24"]
[SourceVersion "1"]
[SourceVersionDate "2005.11.24"]
[SourceQuality "1"]
[WhiteTeam "Luedinghausen"]
[BlackTeam "Duelmen"]
[WhiteTeamCountry "GER"]
[BlackTeamCountry "GER"]

1. d4 d5 2. e4 dxe4 3. Nc3 Nf6 4. f3 exf3 5. Nxf3 Bg4 6. Bc4 e6 7. 0-0 c6 8. Bg5 Be7 9. Qd3 Bf5 10. Qe2 Nd5 11. Bxe7 Qxe7 12. Ne4 Bxe4 13. Qxe4 Nd7 14. Rae1 N7f6 15. Qh4 0-0-0 16. c3 h6 17. Ne5 Rhf8 18. a4 a5 19. Bb3 Rde8 20. Rf3 Nd7 21. Qg3 Nxe5 22. dxe5 Qc5+ 23. Kh1 g6 24. Ref1 Re7 25. Qh3 h5 26. Bc2 Nc7 27. Qh4 Rd7 28. Bxg6 Qxe5 29. Bxf7 Qe2 30. Qf2 Qxf2 31. R3xf2 Kd8 32. Bxh5 Rxf2 33. Rxf2 Rd5 34. Bf3 Rf5 35. Kg1 Rf4 36. Bd1 Rh4 37. g3 Rh7 38. Bc2 Rg7 39. Kg2 Ke7 40. b4 axb4 41. cxb4 Nd5 42. b5 cxb5 43. axb5 b6 44. Be4 Kd6 45. Bxd5 exd5 46. Rc2 Ke5 47. Kf3 Kd4 48. Rc6 Kd3 49. Rxb6 Rf7+ 50. Kg2 d4 51. Rb8 Kd2 52. b6 d3 53. b7 Rd7 54. h4 Re7 55. Kf3 Rf7+ 56. Kg4 Re7 57. Kf5 Ke2 58. Kf6 d2 59. Kxe7 d1Q 60. Re8 1-0

[Event "Muensterland Verbandsklasse-B 0405"]
[Site "Muensterland"]
[Date "2005.03.05"]
[Round "7.7"]
[White "Bickmann, Bernd"]
[Black "Roos, Wilfried"]
[Result "1/2-1/2"]
[WhiteElo "1719"]
[BlackElo "1713"]
[PlyCount "57"]
[EventDate "2004.09.11"]
[EventType "team"]
[EventRounds "9"]
[EventCountry "GER"]
[SourceTitle "EXT 2006"]
[Source "ChessBase"]
[SourceDate "2005.11.24"]
[SourceVersion "1"]
[SourceVersionDate "2005.11.24"]
[SourceQuality "1"]
[WhiteTeam "Duelmen"]
[BlackTeam "Saerbeck II"]
[WhiteTeamCountry "GER"]
[BlackTeamCountry "GER"]

1. d4 Nf6 2. Nf3 c5 3. e3 g6 4. g3 Bg7 5. Bg2 cxd4 6. exd4 d6 7. 0-0 0-0 8. c4 Bd7 9. Nc3 Qc8 10. Qe2 Re8 11. Rd1 Bh3 12. Bh1 Bg4 13. Bf4 e5 14. dxe5 dxe5 15. Bg5 Nc6 16. Bxf6 Bxf6 17. Ne4 Be7 18. Qe3 f5 19. Nd6 Bxd6 20. Rxd6 Re6 21. Qc5 Rxd6 22. Qxd6 Bxf3 23. Bxf3 e4 24. Be2 Qf8 25. Rd1 Qxd6 26. Rxd6 Rd8 27. Rxd8+ Nxd8 28. f3 exf3 29. Bxf3 1/2-1/2